| 000 | 00472cam a22001217a 4500 | ||
|---|---|---|---|
| 008 | 180718b-- xxu||||| |||| 00| 0 eng d | ||
| 082 | _aL906x54115 G | ||
| 245 | _aAccounts at a glance, Arunachal Pradesh | ||
| 260 |
_aShillong _bAccountant General (Accounts and Entitlements) _c-- |
||
| 500 | _aLibrary has 2003/04-2006/07, 2009/10 | ||
| 650 | _aArunachal Pradesh - Appropriations and expenditures | ||
| 700 | _aArunachal Pradesh. Accountant General (Accounts and Entitlements) | ||
| 999 |
_c481394 _d481394 |
||